000 00317nam a22001337a 4500
008 180309b xxu||||| |||| 00| 0 eng d
020 _a0865542058
041 _aeng
080 _a316
100 _a50
101 _aSOC
245 _aDaughters of Jefferson, Daughters of Bootblacks
_cAndolsen, B.B
942 _2udc
_cBK
999 _c44529
_d44529